Hide and Seek - Imogen Heap - All Lyrics - Statistics

General Stats
  • This quiz has been taken 48 times
  • The average score is 185 of 266
Answer Stats
Answer % Correct
I
97%
(I
97%
whatcha
97%
a
94%
a,
94%
Mmm,
94%
no,
94%
Oh
94%
the
94%
The
94%
is
90%
You
90%
you
90%
you)
90%
All
87%
all
87%
be
87%
on?
87%
on
87%
we?
87%
we
87%
What
87%
what
87%
and
84%
And
84%
me
84%
say?
84%
Where
84%
where
84%
are
81%
did
81%
going
81%
hell
81%
Hide
81%
(Hide
81%
seek
81%
seek)
81%
for
77%
it
77%
only
77%
that
77%
no
74%
no,
74%
of
74%
Of
74%
fall
71%
here
71%
in
71%
just
71%
meant
71%
need
71%
This
71%
this
71%
this?
71%
well?
71%
Well,
71%
course
68%
it's
68%
my
68%
'round
68%
They
68%
were
68%
When
68%
around
65%
best?
65%
care
65%
don't
65%
has
65%
to
65%
begun
61%
bit,
61%
bit
61%
can't
61%
carpet
61%
circles
61%
dust
61%
feeling
61%
feeling,
61%
first
61%
keep
61%
machines
61%
people
61%
Sinking,
61%
Spin
61%
streets
61%
your
61%
Before
58%
busy
58%
catch
58%
Crop
58%
decided
58%
fallin'
58%
happening
58%
heavy
58%
with
58%
again
55%
amass
55%
eyes
55%
hold
55%
life
55%
mouth
55%
those
55%
walls
55%
appear
52%
out
52%
heads
48%
moments
48%
sewing
48%
she
48%
Speak
48%
Speak,
48%
still
48%
stop
48%
sweeping
48%
their
48%
won't
48%
years
48%
hung
45%
marks
45%
takeover,
45%
Trains
45%
Would
45%
insensitivity
42%
notes
42%
Oily
42%
Ransom
42%
believe
39%
Mid-sweet
39%
rub
39%
Blood
32%
pleasure
32%
talk,
32%
(Paper
29%
tears
29%
cut-outs
26%
cut-outs)
26%
newspaper
23%
word
23%
No matching quizzes found
Score Distribution
Percent of People with Each Score
Percentile by Number Answered
Your Score History
You have not taken this quiz